| 000 | 00626cam a2200217 4500 | ||
|---|---|---|---|
| 001 | ABS67021 | ||
| 008 | 030818n2003 000 0 eng u | ||
| 035 | _a(Sirsi) u123288 | ||
| 100 | _aShirley, A. | ||
| 245 | _aWoodland special | ||
| 260 | _c2003 | ||
| 490 |
_aFarmers' Weekly _v139(4) 25 July 2003, 23-26(4) |
||
| 520 | _aA special feature on how to make use of areas of woodland on farms and how to get funding for new projects. | ||
| 590 | _aABS | ||
| 650 | _aWOODLAND | ||
| 650 | _aFORESTRY | ||
| 650 | _aFARM DIVERSIFICATION | ||
| 650 | _aFUNDING | ||
| 690 | _aRURAL-AGRICULTURE AND FORESTRY | ||
| 942 | _n0 | ||
| 999 |
_c73233 _d73233 |
||